| 000 | 00757cab a2200241 4500 | ||
|---|---|---|---|
| 001 | ABS56270 | ||
| 008 | 090401t1996 xxu||||| |||| 00| 0 eng d | ||
| 035 | _a(Sirsi) u22426 | ||
| 041 | _aeng | ||
| 100 | _aAldridge, T. | ||
| 245 | _aParty Walls etc Act 1996 | ||
| 260 | _c1996 | ||
| 350 | _a0 | ||
| 490 |
_aSolicitors` Journal _v140(43) 15 November 1996, 1096(1) |
||
| 520 | _aExplains the new statutory rights for property owners encompassed in the Party Walls Act 1996, including existing and new walls, procedures, and disputes. | ||
| 650 |
_aBoundary disputes _96221 |
||
| 650 | _aDISPUTES | ||
| 650 | _aPARTY WALL ETC ACT 1996 | ||
| 650 |
_aParty walls _96258 |
||
| 690 | _aPROPERTY LAW AND PRACTICE | ||
| 942 | _n0 | ||
| 948 | _c04/03/1997 | ||
| 999 |
_c15023 _d15023 |
||